| 000 | 01031cam a2200289 i 4500 | ||
|---|---|---|---|
| 001 | bg | ||
| 003 | KOSZ 005 | ||
| 005 | 20191004142537.0 | ||
| 008 | 000114s1980 pl a f |001 0 pol | ||
| 015 | _aPB 1981/2685 | ||
| 020 | _a8301018291 | ||
| 040 |
_aWA N _cKOSZ 005/HR _dKOSZ 005/HR |
||
| 080 | _a51 | ||
| 080 | _a(083.1) | ||
| 245 | 0 | 0 |
_aPoradnik matematyczny : _bpraca zbiorowa / _cpod red. I[zydora] Dziubińskiego i T[adeusza] Świątkowskiego ; [zespół aut. R[obert] Bartoszyński et al.]. |
| 250 | _aWyd. 2. | ||
| 260 |
_aWarszawa : _bPańst. Wydaw. Naukowe, _c1980. |
||
| 300 |
_a908 s. : _bil., tab., wykr. ; _c21 cm. |
||
| 504 | _aIndeks. | ||
| 650 | 4 | _aMatematyka | |
| 655 | 4 | _aPoradnik | |
| 700 | 1 |
_aDziubiński, Izydor _d(1929-2014). _eRed. |
|
| 700 | 1 |
_aBartoszyński, Robert _d(1933-1998). |
|
| 700 | 1 |
_aŚwiątkowski, Tadeusz _d(1933-1994). _eRed. |
|
| 856 |
_uhttp://koha.tu.koszalin.pl/cgi-bin/koha/opac-detail.pl?biblionumber=1581 _yKatalog online BPK |
||
| 942 |
_2UKD _cKS |
||
| 999 |
_c1581 _d1581 |
||